[Event "FRA-ch op-B"]
[Site "Caen"]
[Date "2011.08.16"]
[Round "1"]
[White "Fuhrmann, Valentin"]
[Black "Kozlowski, Thierry"]
[Result "0-1"]
[WhiteElo "1860"]
[BlackElo "1975"]
[PlyCount "90"]
[EventDate "2011.08.16"]
[EventType "swiss"]
[EventRounds "11"]
[EventCountry "FRA"]
[SourceTitle "EXT 2012"]
[Source "ChessBase"]
[SourceDate "2011.11.24"]
[SourceVersion "1"]
[SourceVersionDate "2011.11.24"]
[SourceQuality "1"]

1. d4 d6 2. c4 Nf6 3. Nc3 Bf5 4. Nf3 Nbd7 5. g3 e5 6. Bg2 c6 7. Nh4 Bg6 8. Nxg6 hxg6 9. d5 c5 10. 0-0 Be7 11. a3 Nh5 12. Bd2 a6 13. Rc1 f5 14. e4 f4 15. Ne2 g5 16. b4 Qc7 17. Qa4 0-0 18. Bh3 Rad8 19. b5 f3 20. Nc3 Ndf6 21. Rfe1 g4 22. Bf1 Ra8 23. Ra1 Nh7 24. Reb1 Bg5 25. Be1 g6 26. Qb3 Rf7 27. a4 Raf8 28. Rb2 N5f6 29. Rab1 Bh6 30. bxa6 bxa6 31. Qb6 Qe7 32. Qxa6 Ng5 33. Bd3 Nh3+ 34. Kf1 Rd8 35. Rb6 Bf8 36. a5 Nd7 37. Rb7 Rh7 38. Qc6 Nf4 39. gxf4 Rxh2 40. Ne2 Qh7 41. Ng1 Rh1 42. Bb4 Qh2 43. Ke1 Rxg1+ 44. Kd2 Qxf2+ 45. Kc3 cxb4+ 0-1

[Event "Vaujany op-A 2nd"]
[Site "Vaujany"]
[Date "2011.07.19"]
[Round "6"]
[White "Menard, Baptiste"]
[Black "Fuhrmann, Valentin"]
[Result "1-0"]
[WhiteElo "1939"]
[BlackElo "1860"]
[PlyCount "38"]
[EventDate "2011.07.14"]
[EventType "swiss"]
[EventRounds "9"]
[EventCountry "FRA"]
[SourceTitle "EXT 2012"]
[Source "ChessBase"]
[SourceDate "2011.11.24"]
[SourceVersion "1"]
[SourceVersionDate "2011.11.24"]
[SourceQuality "1"]

1. e4 e6 2. d4 d5 3. Nc3 Bb4 4. e5 c5 5. a3 Bxc3+ 6. bxc3 Ne7 7. h4 Qc7 8. Nf3 h6 9. Bd3 Nbc6 10. Bd2 Bd7 11. 0-0 Nf5 12. dxc5 Nxe5 13. Bxf5 Nxf3+ 14. Qxf3 exf5 15. Rfe1+ Be6 16. Rab1 0-0 17. Be3 Rfe8 18. Bd4 Re7 19. Be5 Qxc5 1-0

[Event "Vaujany op-A 2nd"]
[Site "Vaujany"]
[Date "2011.07.14"]
[Round "1"]
[White "Szajbely, Zsigmond"]
[Black "Fuhrmann, Valentin"]
[Result "1-0"]
[WhiteElo "2154"]
[BlackElo "1860"]
[PlyCount "85"]
[EventDate "2011.07.14"]
[EventType "swiss"]
[EventRounds "9"]
[EventCountry "FRA"]
[SourceTitle "EXT 2012"]
[Source "ChessBase"]
[SourceDate "2011.11.24"]
[SourceVersion "1"]
[SourceVersionDate "2011.11.24"]
[SourceQuality "1"]

1. e4 c6 2. d4 d6 3. Nc3 Qc7 4. Be3 e5 5. f4 Nf6 6. Nf3 Nbd7 7. a4 b6 8. Bc4 Be7 9. 0-0 0-0 10. Qe2 a6 11. d5 exf4 12. Bxf4 c5 13. e5 dxe5 14. Nxe5 Bd6 15. Nxd7 Bxd7 16. Bxd6 Qxd6 17. Ne4 Nxe4 18. Qxe4 Rae8 19. Qh4 b5 20. Bd3 h6 21. axb5 axb5 22. Rad1 c4 23. Bf5 Bxf5 24. Rxf5 Re2 25. Rf2 Qc5 26. Kf1 Rxf2+ 27. Qxf2 Qxf2+ 28. Kxf2 Re8 29. d6 f6 30. Rd5 Rd8 31. Ke3 Kf7 32. Kd4 Ke6 33. d7 Rxd7 34. Rxd7 Kxd7 35. Kc5 f5 36. Kxb5 c3 37. b3 g5 38. Kc4 f4 39. Kxc3 Kd6 40. Kd4 Kc6 41. Ke4 Kc5 42. c3 Kd6 43. h4 1-0

[Event "FRA-chTA U20 1011"]
[Site "France"]
[Date "2010.12.19"]
[Round "6.1"]
[White "Fuhrmann, Valentin"]
[Black "Aflalo, Sophie"]
[Result "0-1"]
[WhiteElo "1868"]
[BlackElo "2031"]
[PlyCount "102"]
[EventDate "2010.11.21"]
[EventType "team-tourn"]
[EventRounds "7"]
[EventCountry "FRA"]
[SourceTitle "EXT 2012"]
[Source "ChessBase"]
[SourceDate "2011.11.24"]
[SourceVersion "1"]
[SourceVersionDate "2011.11.24"]
[SourceQuality "1"]
[WhiteTeam "Grenoble"]
[BlackTeam "AECE"]
[WhiteTeamCountry "FRA"]
[BlackTeamCountry "FRA"]

1. d4 Nf6 2. c4 g6 3. Nc3 Bg7 4. e4 d6 5. Nf3 0-0 6. Be2 e5 7. 0-0 Nc6 8. d5 Ne7 9. Ne1 Nd7 10. Be3 f5 11. f3 f4 12. Bf2 g5 13. a4 h5 14. Nb5 Nf6 15. Nxa7 Bd7 16. c5 Rf7 17. cxd6 cxd6 18. a5 Nc8 19. Nxc8 Bxc8 20. Bb6 Qe7 21. Rc1 Ne8 22. Bb5 g4 23. Rf2 g3 24. Rfc2 gxh2+ 25. Kh1 Bd7 26. Qe2 h4 27. Bxd7 Qxd7 28. Kxh2 Bf6 29. Nd3 Rh7 30. Nf2 h3 31. gxh3 Bh4 32. Ng4 Bg3+ 33. Kg2 Qe7 34. Rh1 Qh4 35. Bf2 Nf6 36. Rcc1 Rf8 37. Nxf6+ Qxf6 38. Bxg3 Rg7 39. Rhg1 Qh4 40. Qf2 fxg3 41. Qe3 Rgf7 42. Rcf1 Rh7 43. Rh1 Rf4 44. Qb6 Qf6 45. b4 Rf7 46. Qe3 Qe7 47. b5 Qc7 48. Qd2 Qc4 49. b6 Qb3 50. h4 Kh7 51. Rh3 Rxf3 0-1

[Event "FRA-chTA U20 1011"]
[Site "France"]
[Date "2010.12.19"]
[Round "5.2"]
[White "Fuhrmann, Valentin"]
[Black "Grigorian, Roudolph"]
[Result "1-0"]
[WhiteElo "1868"]
[BlackElo "1888"]
[PlyCount "83"]
[EventDate "2010.11.21"]
[EventType "team-tourn"]
[EventRounds "7"]
[EventCountry "FRA"]
[SourceTitle "EXT 2012"]
[Source "ChessBase"]
[SourceDate "2011.11.24"]
[SourceVersion "1"]
[SourceVersionDate "2011.11.24"]
[SourceQuality "1"]
[WhiteTeam "Grenoble"]
[BlackTeam "Saint Mande"]
[WhiteTeamCountry "FRA"]
[BlackTeamCountry "FRA"]

1. d4 Nf6 2. c4 g6 3. Nc3 Bg7 4. e4 d6 5. Nf3 0-0 6. Be2 e5 7. 0-0 Nc6 8. d5 Ne7 9. Ne1 Nd7 10. Be3 f5 11. f3 f4 12. Bf2 g5 13. a4 Nf6 14. c5 Ng6 15. Rc1 Rf7 16. a5 h5 17. cxd6 cxd6 18. Nb5 g4 19. Nxa7 Bd7 20. Bb6 Qe7 21. Rc7 Ne8 22. Rxb7 Qh4 23. Rxd7 Rxd7 24. Bb5 Rdxa7 25. Bxa7 Rxa7 26. Bxe8 Qg5 27. Bxg6 Qxg6 28. b4 Bf6 29. Nd3 Bd8 30. Qe2 gxf3 31. Qxf3 h4 32. Rc1 Kf8 33. Rc6 Rh7 34. Nxe5 Qf6 35. Nd3 Qa1+ 36. Rc1 Qd4+ 37. Kh1 Rf7 38. Rb1 h3 39. Qxh3 Qxe4 40. Qh8+ Ke7 41. Re1 Qxe1+ 42. Nxe1 1-0

[Event "FRA-chTA U20 1011"]
[Site "France"]
[Date "2010.11.21"]
[Round "2.2"]
[White "Fuhrmann, Valentin"]
[Black "Baudry, Remi"]
[Result "1-0"]
[WhiteElo "1868"]
[BlackElo "1619"]
[PlyCount "125"]
[EventDate "2010.11.21"]
[EventType "team-tourn"]
[EventRounds "7"]
[EventCountry "FRA"]
[SourceTitle "EXT 2012"]
[Source "ChessBase"]
[SourceDate "2011.11.24"]
[SourceVersion "1"]
[SourceVersionDate "2011.11.24"]
[SourceQuality "1"]
[WhiteTeam "Grenoble"]
[BlackTeam "Hyeres"]
[WhiteTeamCountry "FRA"]
[BlackTeamCountry "FRA"]

1. d4 Nf6 2. c4 g6 3. Nc3 Bg7 4. e4 d6 5. Nf3 0-0 6. Be2 e5 7. 0-0 exd4 8. Nxd4 Re8 9. Bf3 Nbd7 10. Bg5 Ne5 11. Nd5 c6 12. Ne3 Qb6 13. Nb3 Nxf3+ 14. gxf3 Bh3 15. Re1 Qc7 16. Bf4 Rad8 17. c5 Bf8 18. Nc4 Re6 19. cxd6 Bxd6 20. Nxd6 Rexd6 21. Qc1 Nd7 22. Nd4 Rc8 23. Nb5 cxb5 24. Qxc7 Rxc7 25. Bxd6 Rc2 26. b3 Rc6 27. e5 Be6 28. Rec1 Bd5 29. f4 Kg7 30. Rd1 Be6 31. Rac1 Nb6 32. Rc5 a6 33. Rdc1 Bd7 34. Rb1 Rxc5 35. Bxc5 Nd5 36. Be3 Kf8 37. Kg2 Ke7 38. Kg3 Bf5 39. Rc1 Kd7 40. Kh4 h6 41. Kg3 Kd8 42. Bc5 Kd7 43. Bf8 h5 44. Bd6 Kd8 45. a3 Bd7 46. Kh4 Bf5 47. Kg5 Kd7 48. Rc5 Be6 49. f5 gxf5 50. Kxh5 Nf4+ 51. Kh4 Ng6+ 52. Kg5 Bxb3 53. Kxf5 Be6+ 54. Kf6 b6 55. Rc7+ Kd8 56. Rc6 a5 57. Rxb6 b4 58. axb4 axb4 59. Rxb4 Kd7 60. f4 Nh4 61. Rb7+ Ke8 62. Re7+ Kd8 63. Rxf7 1-0

[Event "FRA-chTA U20 1011"]
[Site "France"]
[Date "2010.11.21"]
[Round "3.1"]
[White "Fuhrmann, Valentin"]
[Black "Giroyan, Gary"]
[Result "0-1"]
[WhiteElo "1868"]
[BlackElo "2258"]
[PlyCount "50"]
[EventDate "2010.11.21"]
[EventType "team-tourn"]
[EventRounds "7"]
[EventCountry "FRA"]
[SourceTitle "EXT 2012"]
[Source "ChessBase"]
[SourceDate "2011.11.24"]
[SourceVersion "1"]
[SourceVersionDate "2011.11.24"]
[SourceQuality "1"]
[WhiteTeam "Grenoble"]
[BlackTeam "Cannes"]
[WhiteTeamCountry "FRA"]
[BlackTeamCountry "FRA"]

1. d4 Nf6 2. c4 g6 3. Nc3 d5 4. Nf3 Bg7 5. Bg5 Ne4 6. cxd5 Nxg5 7. Nxg5 e6 8. Nf3 exd5 9. b4 0-0 10. e3 Qd6 11. Qb3 c6 12. b5 Be6 13. bxc6 Nxc6 14. a3 Rac8 15. Nb5 Qe7 16. Bd3 Bg4 17. Be2 Bxf3 18. Bxf3 a6 19. Nc3 Nxd4 20. Nxd5 Qe5 21. Qd1 Nxf3+ 22. gxf3 Qxa1 23. Qxa1 Bxa1 24. Ne7+ Kg7 25. Nxc8 Rxc8 0-1

[Event "Vaujany op 1st"]
[Site "Vaujany"]
[Date "2010.07.18"]
[Round "9"]
[White "Satonnet, Patrick"]
[Black "Fuhrmann, Valentin"]
[Result "0-1"]
[WhiteElo "1844"]
[BlackElo "1853"]
[PlyCount "68"]
[EventDate "2010.07.10"]
[EventType "swiss"]
[EventRounds "9"]
[EventCountry "FRA"]
[SourceTitle "CBM 137 Extra"]
[Source "ChessBase"]
[SourceDate "2010.09.01"]
[SourceVersion "1"]
[SourceVersionDate "2010.09.01"]
[SourceQuality "1"]

1. e4 e6 2. d4 d5 3. Be3 dxe4 4. Nd2 Nf6 5. f3 exf3 6. Ngxf3 Nbd7 7. Bd3 c5 8. c3 cxd4 9. cxd4 Nd5 10. Qe2 Be7 11. 0-0 0-0 12. Ne4 N7f6 13. Nfg5 h6 14. Nxf6+ Bxf6 15. Nh7 Nxe3 16. Nxf6+ gxf6 17. Qxe3 f5 18. Rf3 Qf6 19. Raf1 Bd7 20. Rh3 Kg7 21. Rff3 Rh8 22. Qf4 Bc6 23. Rfg3+ Kf8 24. Qd6+ Ke8 25. Qf4 Rd8 26. Rh4 Ke7 27. Bc4 Be4 28. d5 Qd4+ 29. Re3 Qxc4 30. Rxe4 fxe4 31. Rh3 Qxd5 32. Qh4+ Qg5 33. Qe1 Rd2 34. Rg3 Qd5 0-1

[Event "FRA-ch U16"]
[Site "Troyes"]
[Date "2010.04.12"]
[Round "2"]
[White "Fuhrmann, Valentin"]
[Black "Neri, Jean Baptiste"]
[Result "0-1"]
[WhiteElo "1859"]
[BlackElo "2011"]
[PlyCount "70"]
[EventDate "2010.04.11"]
[EventType "swiss"]
[EventRounds "9"]
[EventCountry "FRA"]
[SourceTitle "EXT 2012"]
[Source "ChessBase"]
[SourceDate "2011.11.24"]
[SourceVersion "1"]
[SourceVersionDate "2011.11.24"]
[SourceQuality "1"]

1. d4 Nf6 2. c4 c5 3. Nf3 cxd4 4. Nxd4 b6 5. Nc3 Bb7 6. Bg5 d6 7. e3 Nbd7 8. Nf3 g6 9. Be2 Bg7 10. Qc2 Nc5 11. Bxf6 Bxf6 12. 0-0 0-0 13. Nd2 Rc8 14. Rac1 Bg7 15. Rfd1 f5 16. Bf3 Bxf3 17. Nxf3 e5 18. Nb5 e4 19. Ne1 Be5 20. Nxa7 Rc7 21. Nb5 Rcf7 22. Rb1 f4 23. exf4 Rxf4 24. g3 R4f7 25. b4 e3 26. f4 Bxf4 27. gxf4 Rxf4 28. Qg2 Rf1+ 29. Qxf1 Rxf1+ 30. Kxf1 Qf6+ 31. Kg2 Qf2+ 32. Kh3 Qf1+ 33. Ng2 Qf3+ 34. Kh4 Ne4 35. Rd5 h6 0-1

[Event "FRA-ch U14"]
[Site "Aix les Bains"]
[Date "2009.04.25"]
[Round "8"]
[White "Fuhrmann, Valentin"]
[Black "Grandadam, Patrick"]
[Result "0-1"]
[WhiteElo "1798"]
[BlackElo "2055"]
[PlyCount "56"]
[EventDate "2009.04.19"]
[EventType "swiss"]
[EventRounds "9"]
[EventCountry "FRA"]
[SourceTitle "CBM 130 Extra"]
[Source "ChessBase"]
[SourceDate "2009.07.02"]
[SourceVersion "2"]
[SourceVersionDate "2009.07.15"]
[SourceQuality "1"]

1. d4 d5 2. c4 e6 3. cxd5 exd5 4. Nc3 c6 5. Qc2 Bd6 6. Nf3 Ne7 7. e3 Bf5 8. Bd3 Bxd3 9. Qxd3 0-0 10. Bd2 Nd7 11. 0-0 Ng6 12. Rab1 f5 13. b4 a6 14. a4 b5 15. Rfc1 Nb6 16. Ne2 Nc4 17. axb5 axb5 18. Ra1 Qe7 19. Qb3 Nh4 20. Bc3 Nxf3+ 21. gxf3 Rae8 22. Re1 Rf6 23. f4 Rg6+ 24. Ng3 h5 25. Kf1 h4 26. Nxf5 Qe4 27. Nxh4 Rg4 28. Bb2 Nd2+ 0-1